Zeytindağı/ (Record no. 14441)
[ view plain ]
| 000 -BAŞLIK | |
|---|---|
| Sabit Uzunlukta Kontrol Alanı | 00725nam a22002297a 4500 |
| 999 ## - SİSTEM KONTROL NUMARALARI (KOHA) | |
| Koha Biblionumber | 14441 |
| Koha Biblioitemnumber | 14441 |
| 003 - KONTROL NUMARASI IDENTIFIER | |
| Denetim Alanı | MIRAKIL |
| 005 - SON İŞLEM TARİHİ VE ZAMANI | |
| Denetim Alanı | 20210629113523.0 |
| 008 - SABİT-BOY VERİ ELEMANLARI - GENEL BİLGİLER | |
| Sabit Uzunlukta Kontrol Alanı | 210629b tu ||||| |||| 00| 0 tur d |
| 035 ## - SİSTEM KONTROL NUMARASI | |
| Sistem Kontrol Numarası | 15379 |
| 040 ## - KATALOGLAMA KAYNAK | |
| Orijinal Kataloglama Ajansı | TR-AnCHP |
| Kataloglama Dili | tur |
| Metne Dönüştürmek Ajansı | TR-AnCHP |
| 041 ## - DİL KODU | |
| Metin / Ses Parça Veya Ayrı Başlığın Dil Kodu | tur |
| 082 ## - DEWEY ONLU SINIFLANDIRMA NUMARASI | |
| Sınıflandırma Numarası | 818.42 |
| Ürün Numarası | A72z 1994 |
| 100 ## - ANA GİRİŞ - KİŞİSEL İSİM | |
| Kişisel Ad | Atay, Falih Rıfkı |
| Bir Adıyla İlişkilendirilen Tarihler | 1894-1971 |
| 245 ## - BAŞLIK TABLOSU | |
| Başlık | Zeytindağı/ |
| Sorumluluk Tablosu, Vb | Falih Rıfkı Atay. |
| 260 ## - YAYIN, DAĞITIM, VB | |
| Yayın, Dağıtım, Vb Yeri | İstanbul: |
| Yayıncı, Dağıtıcı, Vs Adı | Milli Eğitim Bakanlığı, |
| Yayın, Dağıtım, Vb Tarihi | 1994. |
| 300 ## - FİZİKSEL TANIM | |
| Kapsam | 179 s.: |
| Boyutlar | 18 sm. |
| 490 0# - SERİSİ TABLOSU | |
| Seri Beyanı | Milli Eğitim Bakanlığı Yayınları; |
| -- | Bilim ve Kültür Eserleri Dizisi; |
| -- | Türk Klasikleri; |
| Hacim / Ardışık Tanımı | 498. |
| -- | 71. |
| -- | 18. |
| 650 ## - KONU KATMA GİRİŞ - TOPİKAL DÖNEM | |
| Topikal Süreli Veya Coğrafi Ad Giriş Elemanı | Türkçe roman |
| 650 ## - KONU KATMA GİRİŞ - TOPİKAL DÖNEM | |
| Topikal Süreli Veya Coğrafi Ad Giriş Elemanı | Türk edebiyatı |
| Genel Alt Bölümü | Roman |
| Kronolojik Alt Bölümü | 20. yüzyıl |
| 942 ## - EKLENDİ GİRİŞ ELEMANLARI (KOHA) | |
| Sınıflandırma Veya Raf Düzeni Kaynak | Dewey Decimal Classification |
| Koha Öğesi Türü | Books |
| 999 ## - SİSTEM KONTROL NUMARALARI (KOHA) | |
| Koha Biblioitemnumber | 14441 |
| Kalıcı Konum | Mevcut Konum | Edinme Tarihi | Toplam Check-Out'Lar | Tam Çağrı Numarası | Barkod | Tarih Son Görülme | İtibaren Geçerli Fiyatlar | Sigara Kamu Notu | Koha Öğesi Türü |
|---|---|---|---|---|---|---|---|---|---|
| CHP Kütüphanesi | CHP Kütüphanesi | 06/29/2021 | 818.42 A72z 1994 | 019922 | 06/29/2021 | 06/29/2021 | Emin Değer Bağışıdır. | Books |
